Statistics for Nationality of Footballers

Click here to take the quiz!

General Stats

  • This quiz has been taken 42 times
  • The average score is 19 of 30

Answer Stats

HintAnswer% Correct
Christian RomeroArgentina
97%
RivaldoBrazil
97%
Wayne RooneyEngland
97%
Joao FelixPortugal
97%
Kepa ArrizabalagaSpain
94%
Jamal MusialaGermany
86%
Guillermo OchoaMexico
83%
Jan VertonghenBelgium
81%
Frederico ChiseaItaly
81%
Pavel NevdedCzech Republic
78%
Giovanni ReynaUSA
75%
Mykhailo MudrykUkraine
72%
Andre OnanaCameroon
69%
Hristo StoichkovBulgaria
67%
Sven BotmanNetherlands
67%
Marcel SabitzerAustria
64%
Hugo EtiketeFrance
64%
Edouard MendySenegal
64%
Ronald AraujoUruguay
61%
Pervis EstupiñanEcuador
58%
Vanja Milinković-SavićSerbia
58%
Craig GoodwinAustralia
56%
Mohammed KudusGhana
56%
Mohamed ElyounoussiNorway
47%
Edmond TapsobaBurkina Faso
33%
Stephen EustaquioCanada
33%
Miro TenhoFinland
28%
Amir RrahmaniKosovo
25%
Julio EncisoParaguay
25%
Jasir AsaniAlbania
11%

Score Distribution

Percentile by Number Answered

Percent of People with Each Score

Your Score History

You have not taken this quiz